| 000 | 00621nam a2200229Ia 4500 | ||
|---|---|---|---|
| 003 | OSt | ||
| 005 | 20220918231013.0 | ||
| 006 | a|||||r|||| 00| 0 | ||
| 007 | ta | ||
| 008 | 220917b |||||||| |||| 00| 0 eng d | ||
| 024 | _a262,466 | ||
| 037 | _cTextual | ||
| 040 |
_aARTS _cARTS _beng |
||
| 041 |
_2eng _aeng |
||
| 082 | _aX:75.2-2tN64, K4 | ||
| 245 | 0 |
_aWorking group on evluation in the states _b Report |
|
| 260 |
_aDelhi _bPlanning Commission Govt. of India Inia _c1964 |
||
| 300 |
_a126p. _ccm. |
||
| 650 | _aECONOMICS | ||
| 942 |
_hX:75.2-2tN64, K4 _cTEXL _2CC |
||
| 999 |
_c289582 _d289582 |
||